Guess the Fusion Rock Song Lyrics #102 - Statistics

General Stats
  • This quiz has been taken 18 times
  • The average score is 68 of 187
Answer Stats
Answer % Correct
a
93%
I
93%
and
87%
And
87%
my
87%
the
87%
but
73%
But
73%
do
73%
on
73%
Beach Boys
67%
never
67%
Never
67%
no
67%
oh
67%
to
67%
I'm
60%
I've
60%
of
60%
all
53%
like
53%
been
40%
always
33%
Always
33%
under
33%
alone
27%
Feel
27%
given
27%
Heart
27%
ocean
27%
Through
27%
through
27%
crying
20%
even
20%
must
20%
Sail
20%
sail
20%
sailor
20%
Stop
20%
There's
20%
waters
20%
break
13%
Caught
13%
Damn
13%
lying
13%
needing
13%
Past
13%
rat
13%
sailed
13%
sewer
13%
tired
13%
unsettled
13%
wonder
13%
work
13%
bleeding
7%
blunder
7%
Bought
7%
bread
7%
clearing
7%
commotion
7%
crust
7%
daughters
7%
deep
7%
drenched
7%
dying
7%
empty
7%
ending
7%
fearing
7%
feeding
7%
feelings
7%
frightened
7%
gale
7%
life's
7%
marauders
7%
Neptune's
7%
Often
7%
often
7%
persevering
7%
restful
7%
rumble
7%
searing
7%
Seldom
7%
ship
7%
sighing
7%
sorrows
7%
stinging
7%
swept
7%
thunder
7%
Try
7%
tumble
7%
unenlightened
7%
Uninspired
7%
unrelenting
7%
Unrepenting
7%
wail
7%
Wail
7%
wicked
7%
crumble
0%
fight
0%
seaways
0%
stumble
0%
wrecked
0%
wrest
0%
No matching quizzes found
Score Distribution
Percent of People with Each Score
Percentile by Number Answered
Your Score History
You have not taken this quiz